Normal view MARC view
  • Planning Advisory Service

Entry Corporate Name

Number of records used in: 4

001 - CONTROL NUMBER

  • control field: 5078

003 - CONTROL NUMBER IDENTIFIER

  • control field: SIRSI

005 - DATE AND TIME OF LATEST TRANSACTION

  • control field: 20190806150240.0

008 - FIXED-LENGTH DATA ELEMENTS

  • fixed length control field: 061106n| aaannaabn |n ana d

040 ## - CATALOGING SOURCE

  • Original cataloging agency: OSt
  • Transcribing agency: OSt

110 2# - HEADING--CORPORATE NAME

  • Corporate name or jurisdiction name as entry element: Planning Advisory Service

670 ## - SOURCE DATA FOUND

  • Source citation: Planning delivery agreements, [2006?]